| 000 | 00991nam a2200265Ia 4500 | ||
|---|---|---|---|
| 003 | OSt | ||
| 005 | 20220916110918.0 | ||
| 006 | a|||||r|||| 00| 0 | ||
| 007 | ta | ||
| 008 | 220915b |||||||| |||| 00| 0 tel d | ||
| 024 | _a212781 | ||
| 037 | _cTextbook | ||
| 040 |
_btel _aARTS _cARTS |
||
| 041 | _atel | ||
| 082 | _aO35,1NGA,SR, 152M2 | ||
| 100 | _aगंगप्पा, एस; प्रमीलादेवी, टि एन, अनु. | ||
| 245 | 0 | _aसांरगपाणी का पद साहित्य | |
| 246 | _aSāanragapāṇī kā pad sāhitya | ||
| 260 |
_aगंुटूर _bनवोदय प्रकाशन _c1982 |
||
| 300 |
_a126पृ0 _ccm. |
||
| 650 | _aतेलुगु साहित्य | ||
| 942 |
_hO35,1NGA,SR, 152M2 _cTB _2CC |
||
| 999 |
_c101200 _d101200 |
||